000 00492nam a2200181Ia 4500
005 20250326125556.0
008 250326s9999 xx 000 0 und d
037 _aTextbook
040 _aFMSL
_beng
_cFMSL
041 _aeng
_2eng
084 _aS:29.4 L5.5
_qFMSL
100 _aFreud S
245 0 _aPsychopathology of everyday life
_cFreud S
260 _aEngland
_bEngland, Penguin Books
_c1975
300 _a383p
942 _cTB
_hS:29.4 L5.5
999 _c1278640
_d1278640